<?xml version="1.0" encoding="UTF-8"?>
<record
    xmlns:xsi="http://www.w3.org/2001/XMLSchema-instance"
    xsi:schemaLocation="http://www.loc.gov/MARC21/slim http://www.loc.gov/standards/marcxml/schema/MARC21slim.xsd"
    xmlns="http://www.loc.gov/MARC21/slim">

  <leader>01045nam a2200229   4500</leader>
  <datafield tag="952" ind1=" " ind2=" ">
    <subfield code="0">0</subfield>
    <subfield code="1">0</subfield>
    <subfield code="4">0</subfield>
    <subfield code="7">0</subfield>
    <subfield code="a">03</subfield>
    <subfield code="b">03</subfield>
    <subfield code="d">2015-04-15</subfield>
    <subfield code="l">0</subfield>
    <subfield code="o">HD30.28 S8318 2007</subfield>
    <subfield code="p">03 004055</subfield>
    <subfield code="r">2015-04-15</subfield>
    <subfield code="t">1</subfield>
    <subfield code="w">2015-04-15</subfield>
    <subfield code="y">LB</subfield>
  </datafield>
  <datafield tag="999" ind1=" " ind2=" ">
    <subfield code="c">96376</subfield>
    <subfield code="d">96376</subfield>
  </datafield>
  <controlfield tag="008">      s2007   mmx    s  sp spa   s spa</controlfield>
  <datafield tag="020" ind1=" " ind2=" ">
    <subfield code="a">9789682604164</subfield>
  </datafield>
  <datafield tag="050" ind1=" " ind2=" ">
    <subfield code="a">HD30.28 </subfield>
    <subfield code="b">S8318 2007</subfield>
  </datafield>
  <datafield tag="100" ind1="1" ind2=" ">
    <subfield code="a">Steiner, George</subfield>
    <subfield code="e">autor</subfield>
  </datafield>
  <datafield tag="240" ind1=" " ind2=" ">
    <subfield code="a">Strategy Planning. What Every Manager Must Know </subfield>
    <subfield code="l">espa&#xF1;ol</subfield>
  </datafield>
  <datafield tag="245" ind1=" " ind2=" ">
    <subfield code="a">Planeaci&#xF3;n estrat&#xE9;gica </subfield>
    <subfield code="b"> : lo que todo director debe saber</subfield>
    <subfield code="c"> / George Steiner </subfield>
  </datafield>
  <datafield tag="260" ind1=" " ind2=" ">
    <subfield code="a">M&#xE9;xico</subfield>
    <subfield code="b"> : Patria</subfield>
    <subfield code="c">, 2007</subfield>
  </datafield>
  <datafield tag="300" ind1=" " ind2=" ">
    <subfield code="a">366 p&#xE1;ginas</subfield>
  </datafield>
  <datafield tag="336" ind1=" " ind2=" ">
    <subfield code="a">texto</subfield>
  </datafield>
  <datafield tag="337" ind1=" " ind2=" ">
    <subfield code="a">sin medio</subfield>
  </datafield>
  <datafield tag="338" ind1=" " ind2=" ">
    <subfield code="a">volumen</subfield>
  </datafield>
  <datafield tag="505" ind1=" " ind2=" ">
    <subfield code="a">Naturleza e importancia de la planeaci&#xF3;n estrat&#xE9;gica
La orgnaizaci&#xF3;n para la planeaci&#xF3;n estrat&#xE9;gica
Consideraciones clave en la planeaci&#xF3;n 
Implantaci&#xF3;n de planeaciones
Evaluar y reactivar el sistema
Aplicaci&#xF3;n de la experiencia con la planeaci&#xF3;n comercial en otras areas
 </subfield>
  </datafield>
  <datafield tag="519" ind1=" " ind2=" ">
    <subfield code="a">Plan Flexible /
</subfield>
    <subfield code="b">Administraci&#xF3;n / </subfield>
    <subfield code="c">Alta Direcci&#xF3;n (P09-1) /</subfield>
    <subfield code="d">(03 004054)
</subfield>
  </datafield>
  <datafield tag="650" ind1=" " ind2=" ">
    <subfield code="a">PLANEACI&#xD3;N ESTRATEGICA</subfield>
  </datafield>
  <datafield tag="700" ind1=" " ind2=" ">
    <subfield code="a">Ure&#xF1;a Guti&#xE9;rrez, Guillermo Enrique</subfield>
    <subfield code="e">traductor</subfield>
  </datafield>
  <datafield tag="942" ind1=" " ind2=" ">
    <subfield code="c">LB</subfield>
  </datafield>
</record>
